<?xml version="1.0" encoding="UTF-8"?>
<record
    xmlns:xsi="http://www.w3.org/2001/XMLSchema-instance"
    xsi:schemaLocation="http://www.loc.gov/MARC21/slim http://www.loc.gov/standards/marcxml/schema/MARC21slim.xsd"
    xmlns="http://www.loc.gov/MARC21/slim">

  <leader>01828nam2a2200325   4500</leader>
  <controlfield tag="001">rc\2913485</controlfield>
  <controlfield tag="005">20260315054318.0</controlfield>
  <datafield tag="035" ind1=" " ind2=" ">
    <subfield code="a">(NLR Aleph) 007064048</subfield>
  </datafield>
  <datafield tag="090" ind1=" " ind2=" ">
    <subfield code="a">13593613</subfield>
    <subfield code="c">13593613</subfield>
  </datafield>
  <datafield tag="100" ind1=" " ind2=" ">
    <subfield code="a">20080123d1934    u  y0rusy50      ca</subfield>
  </datafield>
  <datafield tag="101" ind1="0" ind2=" ">
    <subfield code="a">rus</subfield>
  </datafield>
  <datafield tag="102" ind1=" " ind2=" ">
    <subfield code="a">RU</subfield>
  </datafield>
  <datafield tag="105" ind1=" " ind2=" ">
    <subfield code="a">y   z   |||||</subfield>
  </datafield>
  <datafield tag="200" ind1="0" ind2=" ">
    <subfield code="a">&#x421;&#x431;&#x43E;&#x440;&#x43D;&#x438;&#x43A; 1</subfield>
    <subfield code="f">&#x410;. &#x411;&#x443;&#x441;&#x44B;&#x433;&#x438;&#x43D;, &#x413;. &#x41A;&#x430;&#x446;, &#x41F;. &#x41A;&#x43E;&#x444;&#x430;&#x43D;&#x43E;&#x432;, &#x41B;. &#x428;&#x435;&#x43C;&#x448;&#x435;&#x43B;&#x435;&#x432;&#x438;&#x447;, &#x413;. &#x428;&#x43E;&#x43B;&#x43E;&#x445;&#x43E;&#x432;-&#x421;&#x438;&#x43D;&#x44F;&#x432;&#x441;&#x43A;&#x438;&#x439;, &#x41F;. &#x42F;&#x43A;&#x43E;&#x432;&#x43B;&#x435;&#x432;</subfield>
  </datafield>
  <datafield tag="210" ind1=" " ind2=" ">
    <subfield code="d">1934</subfield>
  </datafield>
  <datafield tag="215" ind1=" " ind2=" ">
    <subfield code="a">158, [2] &#x441;.</subfield>
  </datafield>
  <datafield tag="300" ind1=" " ind2=" ">
    <subfield code="a">&#x41D;&#x430; &#x43E;&#x431;&#x43B;. "&#x410;.&#x412;. &#x412;&#x430;&#x441;&#x438;&#x43B;&#x44C;&#x435;&#x432;, &#x410;.&#x41E;. &#x413;&#x435;&#x440;&#x431;&#x441;&#x442;&#x43C;&#x430;&#x43D;, &#x410;.&#x41C;. &#x41B;&#x438;&#x43D;&#x438;&#x43D;, &#x41D;.&#x41D;. &#x421;&#x440;&#x435;&#x442;&#x435;&#x43D;&#x441;&#x43A;&#x438;&#x439;. &#x41F;&#x438;&#x441;&#x430;&#x442;&#x435;&#x43B;&#x438; &#x410;&#x437;&#x43E;&#x432;&#x43E;-&#x427;&#x435;&#x440;&#x43D;&#x43E;&#x43C;&#x43E;&#x440;&#x441;&#x43A;&#x43E;&#x433;&#x43E; &#x43A;&#x440;&#x430;&#x44F;"</subfield>
  </datafield>
  <datafield tag="461" ind1=" " ind2="0">
    <subfield code="1">001rc\2913484</subfield>
    <subfield code="1">2000#$a&#x41A;&#x440;&#x438;&#x442;&#x438;&#x447;&#x435;&#x441;&#x43A;&#x438;&#x435; &#x43E;&#x447;&#x435;&#x440;&#x43A;&#x438; &#x43E; &#x43F;&#x438;&#x441;&#x430;&#x442;&#x435;&#x43B;&#x44F;&#x445; &#x410;&#x437;&#x43E;&#x432;&#x43E;-&#x427;&#x435;&#x440;&#x43D;&#x43E;&#x43C;&#x43E;&#x440;&#x441;&#x43A;&#x43E;&#x433;&#x43E; &#x43A;&#x440;&#x430;&#x44F;$e&#x421;&#x431;&#x43E;&#x440;&#x43D;&#x438;&#x43A; 1-$f&#x410;&#x437;&#x43E;&#x432;&#x43E;-&#x427;&#x435;&#x440;&#x43D;&#x43E;&#x43C;&#x43E;&#x440;. &#x43E;&#x440;&#x433;&#x43A;&#x43E;&#x43C;. &#x421;&#x43E;&#x44E;&#x437;&#x430; &#x441;&#x43E;&#x432;&#x435;&#x442;. &#x43F;&#x438;&#x441;&#x430;&#x442;&#x435;&#x43B;&#x435;&#x439;$v&#x421;&#x431;&#x43E;&#x440;&#x43D;&#x438;&#x43A; 1</subfield>
    <subfield code="9">6314685</subfield>
    <subfield code="c">&#x420;&#x43E;&#x441;&#x442;&#x43E;&#x432; &#x43D;/&#x414;</subfield>
    <subfield code="d">1934</subfield>
    <subfield code="f">&#x410;&#x437;&#x43E;&#x432;&#x43E;-&#x427;&#x435;&#x440;&#x43D;&#x43E;&#x43C;&#x43E;&#x440;. &#x43E;&#x440;&#x433;&#x43A;&#x43E;&#x43C;. &#x421;&#x43E;&#x44E;&#x437;&#x430; &#x441;&#x43E;&#x432;&#x435;&#x442;. &#x43F;&#x438;&#x441;&#x430;&#x442;&#x435;&#x43B;&#x435;&#x439;</subfield>
    <subfield code="n">&#x410;&#x437;&#x43E;&#x432;&#x43E;-&#x427;&#x435;&#x440;&#x43D;&#x43E;&#x43C;&#x43E;&#x440;. &#x43A;&#x440;&#x430;&#x435;&#x432;. &#x438;&#x437;&#x434;-&#x432;&#x43E;</subfield>
    <subfield code="o">&#x421;&#x431;&#x43E;&#x440;&#x43D;&#x438;&#x43A; 1-</subfield>
    <subfield code="t">&#x41A;&#x440;&#x438;&#x442;&#x438;&#x447;&#x435;&#x441;&#x43A;&#x438;&#x435; &#x43E;&#x447;&#x435;&#x440;&#x43A;&#x438; &#x43E; &#x43F;&#x438;&#x441;&#x430;&#x442;&#x435;&#x43B;&#x44F;&#x445; &#x410;&#x437;&#x43E;&#x432;&#x43E;-&#x427;&#x435;&#x440;&#x43D;&#x43E;&#x43C;&#x43E;&#x440;&#x441;&#x43A;&#x43E;&#x433;&#x43E; &#x43A;&#x440;&#x430;&#x44F;</subfield>
    <subfield code="v">&#x421;&#x431;&#x43E;&#x440;&#x43D;&#x438;&#x43A; 1</subfield>
  </datafield>
  <datafield tag="512" ind1="0" ind2="0">
    <subfield code="a">&#x410;.&#x412;. &#x412;&#x430;&#x441;&#x438;&#x43B;&#x44C;&#x435;&#x432;, &#x410;.&#x41E;. &#x413;&#x435;&#x440;&#x431;&#x441;&#x442;&#x43C;&#x430;&#x43D;, &#x410;.&#x41C;. &#x41B;&#x438;&#x43D;&#x438;&#x43D;, &#x41D;.&#x41D;. &#x421;&#x440;&#x435;&#x442;&#x435;&#x43D;&#x441;&#x43A;&#x438;&#x439;. &#x41F;&#x438;&#x441;&#x430;&#x442;&#x435;&#x43B;&#x438; &#x410;&#x437;&#x43E;&#x432;&#x43E;-&#x427;&#x435;&#x440;&#x43D;&#x43E;&#x43C;&#x43E;&#x440;&#x441;&#x43A;&#x43E;&#x433;&#x43E; &#x43A;&#x440;&#x430;&#x44F;</subfield>
  </datafield>
  <datafield tag="700" ind1=" " ind2="1">
    <subfield code="a">&#x411;&#x443;&#x441;&#x44B;&#x433;&#x438;&#x43D;</subfield>
    <subfield code="b">&#x410;.</subfield>
  </datafield>
  <datafield tag="701" ind1=" " ind2="1">
    <subfield code="a">&#x41A;&#x430;&#x446;</subfield>
    <subfield code="b">&#x413;.</subfield>
  </datafield>
  <datafield tag="701" ind1=" " ind2="1">
    <subfield code="a">&#x41A;&#x43E;&#x444;&#x430;&#x43D;&#x43E;&#x432;</subfield>
    <subfield code="b">&#x41F;.</subfield>
  </datafield>
  <datafield tag="701" ind1=" " ind2="1">
    <subfield code="a">&#x428;&#x435;&#x43C;&#x448;&#x435;&#x43B;&#x435;&#x432;&#x438;&#x447;</subfield>
    <subfield code="b">&#x41B;.</subfield>
  </datafield>
  <datafield tag="701" ind1=" " ind2="1">
    <subfield code="a">&#x428;&#x43E;&#x43B;&#x43E;&#x445;&#x43E;&#x432;-&#x421;&#x438;&#x43D;&#x44F;&#x432;&#x441;&#x43A;&#x438;&#x439;</subfield>
    <subfield code="b">&#x413;.</subfield>
  </datafield>
  <datafield tag="701" ind1=" " ind2="1">
    <subfield code="a">&#x42F;&#x43A;&#x43E;&#x432;&#x43B;&#x435;&#x432;</subfield>
    <subfield code="b">&#x41F;.</subfield>
  </datafield>
  <datafield tag="801" ind1=" " ind2="0">
    <subfield code="a">RU</subfield>
    <subfield code="b">NLR</subfield>
    <subfield code="g">psbo</subfield>
  </datafield>
  <datafield tag="801" ind1=" " ind2="1">
    <subfield code="a">RU</subfield>
    <subfield code="b">ELAR</subfield>
    <subfield code="2">rusmarc</subfield>
  </datafield>
  <datafield tag="852" ind1=" " ind2=" ">
    <subfield code="a">NLR</subfield>
    <subfield code="j">34-16/232(1)</subfield>
  </datafield>
  <datafield tag="942" ind1=" " ind2=" ">
    <subfield code="c">UNSPEC</subfield>
  </datafield>
  <datafield tag="980" ind1=" " ind2=" ">
    <subfield code="a">NB</subfield>
  </datafield>
</record>
